000 00207 a2200097 4500
001 57155
100 _a
245 _aOperations Managment
260 _aLondon
_bPitman
_c1993
090 _c35087
_d35087
942 _aNUST-CAE
_cMONOGRAPH
_c27877
999 _c292228
_d292228